00518nam a2200145Ia 450000500170000000800410001710000150005824501060007326000200017930000110019965000240021094200070023499900150024195201160025620260328101507.0260328s9999||||xx |||||||||||||| ||und|| aBrown, Tim 0aChange by Design :b How Design thinking transforms organizations and inspire innovation /cTim Brown bHarper Business a264 p. aDISEÑO INDUSTRIAL cBK c9080d9080 001040708GENaGPCbGPCcGENd2026-03-28i2879l0o745.2 B 8121p2879r2026-03-28 15:15:07t1w2026-03-28yBK